| 000 | 00511nam a22002057a 4500 | ||
|---|---|---|---|
| 001 | 00028511 | ||
| 005 | 20260309123247.0 | ||
| 008 | 260309b ag ||||| |||| 00| 0 spa d | ||
| 020 | _a9875503886 | ||
| 040 |
_bspa _cAR-CcCEOS |
||
| 080 | _a159.55(091) | ||
| 090 | _bTSE | ||
| 100 |
_aLao Tse _9829 |
||
| 245 |
_aEl tao para todos / _cLao Tse |
||
| 250 | _a1a ed., 1a reimp. | ||
| 260 |
_aBuenos Aires : _bLongseller, _c2005. |
||
| 300 |
_a128 p. ; _c18x11 cm. |
||
| 650 | 0 | _afilosofĂa | |
| 942 |
_2udc _cBK |
||
| 999 |
_c28540 _d28540 |
||
| 945 |
_a66467 _bMelina Rolando _c66467 _dMelina Rolando |
||